00455 a2200169 450000100060000002000180000604000240002410000210004824000230006924500180009230000070011036200090011765000310012694200070015795201040016499900170026848258 a9788588022201 cAnchieta - Aquarius aÁvila, Luciana10aO voo da Xicalpor10aO voo da Xica a300 a2017 4aLiteratura infanto-juvenil cBK 00104070a87.1b87.1d2023-11-21l0o028.5 AVI VOOp7604/AQUr2023-11-21 15:15:13w2023-11-21yBK c48258d48258